000 00350cam a22001217a 4500
008 180718b1961 xxu||||| |||| 00| 0 eng d
082 _aDx567 A162
100 _aAl-Marayati, Abid A.
245 _aDiplomatic history of modern Iraq
_cby Abid A. Al-Marayati
260 _aNew York
_bSpeller
_c1961
300 _a222p.
650 _aIraq --Foreign relations
999 _c357677
_d357677